[Event "Collado Villalba Grupo Gallinero op 1st"]
[Site "Collado Villalba"]
[Date "2022.08.16"]
[Round "8"]
[White "Mansor Habash, Zouheir"]
[Black "Oyarzabal Alzugaray, Javier"]
[Result "1/2-1/2"]
[WhiteElo "1207"]
[BlackElo "1468"]
[PlyCount "74"]
[EventDate "2022.08.12"]
[EventType "swiss"]
[EventRounds "9"]
[EventCountry "ESP"]
[SourceTitle "CBM 210 Extra"]
[Source "ChessBase"]
[SourceDate "2022.11.30"]
[SourceVersion "1"]
[SourceVersionDate "2022.11.30"]
[SourceQuality "1"]

1. e4 e5 2. Nf3 Nc6 3. Bc4 Nf6 4. Ng5 Nxe4 5. Bxf7+ Ke7 6. d3 Nf6 7. Bc4 d5 8. Bb5 h6 9. Nf3 Bg4 10. Bxc6 bxc6 11. Nxe5 Bxd1 12. Nxc6+ Kd6 13. Nxd8 Rxd8 14. Kxd1 Ng4 15. Be3 c5 16. h3 Ne5 17. Bf4 g5 18. Bxe5+ Kxe5 19. Nc3 Bg7 20. Re1+ Kf5 21. g4+ Kg6 22. Kd2 c4 23. Nb5 Rb8 24. a4 a6 25. Nc7 cxd3 26. Nxa6 Rxb2 27. Kxd3 Rb6 28. Nc7 Bxa1 29. Rxa1 Rc8 30. Nxd5 Rd8 31. c4 Kf7 32. Kc3 Rc6 33. Nb4 Rf6 34. Nd5 Rc6 35. Ne3 Ke6 36. a5 Ra8 37. a6 Rcxa6 1/2-1/2